000 00419nam a2200181Ia 4500
005 20250423100952.0
008 250422s9999 xx 000 0 und d
020 _a978-249125-X
050 _aPR 6053 .L3 S65/
100 _aBekederemo, J. P. Clark
245 0 _aSong of a goat
260 _aIbadan
260 _bUniversity Press Ltd
260 _c2007
300 _a110 p
650 _aLiterature
942 _cBK
999 _c34891
_d34891